Nalaganje...

വാക്കിന്റെ സൗന്ദര്യം /

Bibliografske podrobnosti
Glavni avtor: വെങ്കിടാചലം
Drugi avtorji: Venkitachalam
Format: Printed Book
Jezik:English
Izdano: കോഴിക്കോട് : ലിപി പബ്നിക്കേഷന്‍സ്, 2006.
Izdaja:1st ed.
Teme:
LEADER 01075nam a22002177a 4500
008 160606b xxu||||| |||| 00| 0 eng d
999 |c 15101  |d 15101 
020 |a 9788188801503 
082 |a 894.14  |b VEN 
100 |a വെങ്കിടാചലം 
240 |a Vakkinte soundaryam 
245 |a വാക്കിന്റെ സൗന്ദര്യം /  |c വെങ്കിടാചലം 
250 |a 1st ed. 
260 |a കോഴിക്കോട് :  |b ലിപി പബ്നിക്കേഷന്‍സ്,  |c 2006. 
300 |a 143p. 
650 |a Essays 
700 |a Venkitachalam 
942 |2 ddc  |c BK 
952 |0 0  |1 0  |2 ddc  |4 0  |6 894_140000000000000_VEN  |7 0  |9 21376  |a MAIN  |b MAIN  |d 2016-06-06  |e Lipi Books  |g 75.00  |o 894.14 VEN  |p 21493  |r 2016-06-06  |t 1  |w 2016-06-06  |y BK 
952 |0 0  |1 0  |2 ddc  |4 0  |6 894_140000000000000_VEN  |7 0  |9 21377  |a MAIN  |b MAIN  |d 2016-06-06  |e Lipi Books  |g 75.00  |o 894.14 VEN  |p 21494  |r 2016-06-06  |t 2  |w 2016-06-06  |y BK 
952 |0 0  |1 0  |2 ddc  |4 0  |6 894_140000000000000_VEN  |7 0  |9 21378  |a MAIN  |b MAIN  |d 2016-06-06  |e Lipi Books  |g 75.00  |o 894.14 VEN  |p 21495  |r 2016-06-06  |t 3  |w 2016-06-06  |y BK